| 000 | 00612nam a2200193 i 4500 | ||
|---|---|---|---|
| 001 | 79511 | ||
| 003 | ES-MaACL | ||
| 005 | 20250815082533.0 | ||
| 007 | t| | ||
| 008 | 041021s1965 sp ||||1| spa d | ||
| 100 | 1 |
_aHernández Ruiz, Santiago. _963047 |
|
| 245 | 1 | 0 |
_aCooperativas escolares / _cSantiago Hernández Ruiz. |
| 260 |
_a[Madrid] : _bAguilar, _c1965. |
||
| 300 |
_aXII, 226 p. ; _c22 cm. |
||
| 490 | 1 | _aBiblioteca de ciencias sociales. Sociología | |
| 830 | 0 | 0 |
_aBiblioteca de ciencias sociales (Aguilar). _pSociología _9181292 |
| 852 |
_aES-MaACL _jC-27644 _bR.56894 |
||
| 999 |
_c79511 _d79511 |
||